The comedy of errors

Guardado en:
Bibliografiske detaljer
Hovedforfatter: Shakespeare, William
Format: Bog
Sprog:Undetermined
Udgivet: New York, Estados Unidos Signet 1965
Fag:
Tags: Tilføj Tag
Ingen Tags, Vær først til at tagge denne postø!

MARC

LEADER 00000nam a2200000Ia 4500
008 170316s9999 xx 000 0 und d
040 |a cru BVZT 
090 |a 820 S-5cm 
100 |a Shakespeare, William 
245 4 |a The comedy of errors 
260 |a New York, Estados Unidos 
260 |b Signet 
260 |c 1965 
300 |a 176 páginas 
650 |a LITERATURA INGLESA 
999 |c 7111  |d 7111 
942 |c 15 D  |h 820 S-5cm  |2 z